00421nam a2200157Ia 4500008004100000020001500041082001500056100002000071245005400091250000900145260002500154300001300179500002500192650002900217700001700246230524s9999 xx 000 0 und d a0070472645 a658.3bROB aJohn W.Newstrom 0aOrganisational Behaviour: Human Behaviour at Work a11TH aNEW DELHIbTMHc2005 aXVII;635 aQuantity Number: 13 aOrganisational Behaviour a Keith Davis